| 000 | 00760nam a22002657a 4500 | ||
|---|---|---|---|
| 001 | 2065 | ||
| 005 | 20231103101646.0 | ||
| 020 | _a9780545591362 | ||
| 040 |
_aFISKH _beng _cFISKH _dFISKH |
||
| 050 | _aGV942.P42 | ||
| 082 | _a796.334092 | ||
| 100 | _aCanizares, Susan | ||
| 245 |
_aPele / _bThe king of soccer _cSusan Canizares Samatha Berger |
||
| 260 |
_aNew York : _bScholastic, _c2013 |
||
| 300 |
_c19 x 21 _a14 unnumbered pages : |
||
| 505 | _aE | ||
| 520 | _aSimple text and photographs present the accomplishments of Pele, who has been called the king of soccer. | ||
| 521 |
_a200 _bLexile |
||
| 521 |
_aE _bRaz-Plus |
||
| 650 | _aSoccer | ||
| 650 | _aFootball | ||
| 650 | _aSports | ||
| 700 |
_aBerger, Samanta _cCoauthor |
||
| 942 |
_2ddc _cBK _n0 |
||
| 999 |
_c2065 _d2065 |
||